000 00922nam a2200265Ia 4500
003 OSt
005 20221005110841.0
006 a|||||r|||| 00| 0
007 ta
008 221004b |||||||| |||| 00| 0 hin d
020 _a9788126719396 (hbk)
_c350
024 _a15456
037 _bBR6200, 25/12/2014, Rajkamal Prakashan Pvt. Ltd.
_cTextual
040 _aCRL
_cCRL
_bhin
041 _2hin
_ahin
082 _aO152,6N38x, N0;Q0
100 _aजोशी, प्रभाष
245 0 _aमसि कागद
246 _aMasi kāgada
260 _aनई दिल्ली
_bराजकमल प्रकाशन भारत
_c2010
300 _a279पृ0
_ccm.
650 _aहिन्दी साहित्य
942 _hO152,6N38x, N0;Q0
_cTEXL
_2cc
999 _c1020071
_d1020071